00866nam a22002297a 450000500170000001000150001702000260003203500140005803700090007208200140008110000210009524500820011625000060019826000540020427000790025830000200033770000340035770000420039194200250043399900190045895201590047720260702104401.0 aENG-148960 c495.00a9789382120032 aEN-132492 bDBAD a307.1421 aSahu, B.P989488 aNGO in Rural Development/cB.P. Sahu; Jeevan Thapa [and] Deepak Kumar Pradhan a1 aNew DelhibLakshi Publishers & Distributersc2012 bNew DelhiaH.O.: 4/22E, Saket Block, Mandawali Fazalpur, New Delhie110092 a113p.c22cm(hb) aThapa, Jeevan eAuthor989489 aPradhan, Deepak Kumar eAuthor989490 2ddccENh307.14mSAH c216824d216824 001040718NFICaDBADbDBADd2026-07-02eDelivery of Books Act Divisiong495.00l0o307.14 SAHpEN-132492r2026-07-02 10:44:51t1v495.00w2026-07-02yEN